| 000 | 00441nam a22001817a 4500 | ||
|---|---|---|---|
| 005 | 20180711110941.0 | ||
| 008 | 160525b xxu||||| |||| 00| 0 eng d | ||
| 020 | _a81-203-1055-1 | ||
| 041 | _aeng | ||
| 082 | _b658.15 | ||
| 100 |
_aCHADWICK, LESLIE _91215 |
||
| 245 | _aTHE ESSENCE OF FINANCIAL ACCOUNTING | ||
| 250 | _a2Ed. | ||
| 260 |
_aNew Delhi _bAcademic Faundation |
||
| 300 | _a200p, | ||
| 650 |
_aManagement _9241 |
||
| 942 | _cBK | ||
| 999 |
_c1668 _d1667 |
||